000 00692nam a22001817a 4500
003 UA-OsUOA
001 17662
007 ta
008 20040320b un ||||| |||| 00| 0 ukr d
100 _aМініч Н.
942 _cSA
040 _aUA-OsUOA
_cUA-OsUOA
_dUA-OsUOA
245 _aВона була продавцем першої кооперативної крамниці
_b[Про ветерана спожив. кооперації Г.Л. Чингіну, яка проживає у Рівному]
300 _aС.2
955 _a0
773 0 _w0
_tРівненський кооператор
_dРівне
_d2004
_g№11/ 12 берез./
650 7 _aКраєзнавча робота
_2UDC
999 _c303830
_d303830